000 02489nam0a2200385 4500
001 RU\NLR\BIBL_A\022269706
005 20260420011649.0
010 _a978-5-98708-152-5
_9100
021 _aRU
_bКН-П-24-029413
_9КН-П-24-2992
035 _a(NLR Aleph) 022269706
090 _a13659977
_c13659977
100 _a20240703d2022 k y0rusy50 ca
101 0 _arus
102 _aRU
105 _aa|||g|||000yy
181 0 _ai
_baxxe
182 0 _an
200 1 _aНародная медицина как продукт интеллектуальной собственности
_eсправочно-информационное пособие
_fМинистерство культуры Красноярского края, Краевое государственное бюджетное учреждение культуры "Таймырский дом народного творчества"
_gавтор-составитель: А. А. Барболина, методист
_gредактор: В. Г. Заварзина
203 _aТекст
_bвизуальный
_cнепосредственный
210 _aДудинка
_c[б. и.]
_aКрасноярск
_cНовая техника и технологии
_d2022
215 _a38, [1] с.
_cцв. ил.
_d15
225 1 _aСохраняя уроки предков
_fБарболина А. А.
300 _aНад вып. дан., в макете, на корешке и обл. авт.: Барболина А. А.
309 _aВложена с 3 другими кн. в футляр с загл. серии. На футляре ошибочно авт. серии: Бараболина А. А.
320 _aБиблиогр.: с. 37-38
606 1 _aНародная медицина
_jСправочники
_yТаймыр, полуостров (Северо-Восток Азиатской части РФ)
_92594634
_3RU\NLR\AUTH\6601742694
686 1 _aР359.2(2Р54-6Кра-6Т)я22
702 1 _4220
_7ca
_8rus
_aБарболина
_bА. А.
_f1947-
_gАнна Алексеевна
_920621
_3RU\NLR\AUTH\7737633
702 1 _4340
_7ca
_8rus
_aЗаварзина
_bВ. Г.
_f1947-
_gВалентина Георгиевна
_9251833
_3RU\NLR\AUTH\770251889
712 0 2 _4570
_aТаймырский дом народного творчества
_cДудинка
_9741771
_3RU\NLR\AUTH\8810121844
942 _cBOOK
980 _aNB